00755nam a22002537a 4500003000500000005001700005008004100022010000900063011000900072035000900081040000900090082001500099100001800114245006800132260006000200300003100260490003600291500001000327650002700337650002500364650002600389710005100415830003500466CHAP20220817040828.0971013s1983 r 00010 d a1032 a2004 a1189 cCHAP a631.41bN400aNelson, D. W. aChemical mobility and reactivity in soil systemsb: proceedings aMadison, Wis. :bSoil Science Society of America,c1983 a262 p.b: ilus. ; gráfs. aSSSA. Special publicationv; 11 a40-1814aSuelosxComposición.14aSuelosxFísica de.14aSuelosxQuímica de.0 aSoil Science Society of America. Madison, Wis.0 aSSSA Special publicationv; 11